Os três mosqueteiros (Registo nº 4560)

Detalhes MARC
000 -Etiqueta do registo
Cabeçalho 00804nam0a2200253 4500
005 - Identificador da versão
Campo de controlo 20240813122105.0
010 ## - Número internacional normalizado dos livros (ISBN)
Número (ISBN) 972 2616900
100 ## - Dados gerais de processamento
Dados gerais de processamento 20170119d2000 cd y0pory50030103ba
102 ## - Pais de publicação ou produção
País de publicação Portugal
101 1# - Língua de publicação
Língua do texto, banda sonora, etc. Português
Língua do documento no original Francês
215 ## - Descrição física 
Indicação específica da natureza do documento e extensão da espécie 64 p.
Outras indicações físicas il. color
200 1# - Titulo e menção de responsabilidade
Título próprio Os três mosqueteiros
Primeira menção de responsabilidade Alexandre Dumas
Outras menções de responsabilidade recontado por Michael Leitch
-- il. por Victor Ambrus
225 1# - Colecção 
Título próprio da colecção Descobrir os clássicos
210 ## - Publicação, Distribuição, etc. 
Lugar da edição, distribuição, etc. [S. l.]
Nome do editor, distribuidor, etc. Civilização
Data da publicação, distribuição, etc. cop. 2000
606 ## - Nome comum usado como assunto
Número de registo de entrada de autoridade 0001637
Palavra de ordem Literatura francesa
Subdivisão de assunto Romances de aventuras
Código do sistema CA
675 ## - Classificação Decimal Universal (CDU)
Notação 821.133.1-311.3
Edição 3ª ed.
Língua da edição por
702 #1 - Nome de autor-pessoa física (responsabilidade secundária)
Número de registo de entrada de autoridade 0001639
Palavra de ordem Leitch
Outra parte do nome não tomada para palavra de ordem Michael
Código de função Adaptador
Número de registo de entrada de autoridade 0001640
Palavra de ordem Ambrus
Outra parte do nome não tomada para palavra de ordem Victor
Código de função Ilustrador / Técnico de desenho computorizado
700 #1 - Nome de autor-pessoa física (responsabilidade principal)
Número de registo de entrada de autoridade 0001634
Palavra de ordem Dumas
Outra parte do nome não tomada para palavra de ordem Alexandre
Datas 1802-1870
966 ## - Identificação da Biblioteca
Sigla EBVEN
942 ## - Elementos de entrada adicionados (Koha)
Tipo de item no Koha Livro
Exemplares
Situação do levantamento Origin of item (home branch) (coded) Biblioteca de empréstimo Código de barras Cota Circulation type (not for loan) Tipo de documento Nota do exemplar Damaged status
  Biblioteca Escolar das Vendas Biblioteca Escolar das Vendas BEV76 8EST DUM   Livro Sem mensagem